000 01438nam a2200277 a 4500
001
003 DO-SdBNP
005 20211130081252.0
008 100813s2015 dr r 001 0 spa
020 _a9789945894608
040 _aDO-SdBNP
_bspa
_cBPMSU
082 _a364.36
_bD725n 2015
_222
100 1 _aDotel Matos, Héctor
245 1 0 _aNiños o menores infractores de la ley :
_bestudio de criminología juvenil /
_cHéctor Dotel Matos ; corrección Odalís G. Pérez ; prólogo Milcíades Mejía.
260 _aSanto Domingo :
_bAcademia de ciencias de la República Dominicana,
_c2015.
300 _a479 p. ;
_c24 cm.
500 _aIncluye datos biográficos del autor en la solapa de la cubierta
500 _aIncluye referencias bibliográficas y notas al pie de las páginas
505 0 _aPrólogo -- Introducción -- Noción de anomalía e infracción juvenil -- Primera parte : Antecedentes históricos y organismos judiciales de presentación -- Segunda parte : Ifracción juvenil y violencia -- Tercera parte : Búsqueda etiológica -- Cuarta parte : Estudio clínico de las conductas colpables del adolescente -- Bibliografía general .
650 4 _aDelincuencia juvenil
_xAspectos psicológicos.
_b
650 4 _aAdministración de justicia para menores
_zRepública Dominicana
700 1 _aMejía, Milcíades,
_epról.
700 1 _aPérez, Odalís G.
_d1952-
_ecorr.
910 _aVMateo V.
942 _2ddc
_cBK
999 _c13912
_d13912